Statistics for Random Artist by Song

Click here to take the quiz!

General Stats

  • This quiz has been taken 29 times
  • The average score is 10 of 22

Answer Stats

SongArtist% Correct
Single LadiesBeyonce
89%
Livin' la Vida LocaRicky Martin
89%
CalifornicationRed Hot Chili Peppers
75%
Eleanor RigbyThe Beatles
68%
99 ProblemsJay Z
64%
Bad BloodTaylor Swift
61%
Hot in HerreNelly
57%
Tainted LoveSoft Cell
57%
Since U Been GoneKelly Clarkson
54%
Three Little BirdsBob Marley
50%
You Don't Know You're BeautifulOne Direction
50%
All StarSmash Mouth
50%
Stressed OutTwenty One Pilots
43%
Black Hole SunSoundgarden
39%
Break Up With Your Girlfriend, I'm BoredAriana Grande
36%
Don't Worry, Be HappyBobby McFerrin
36%
Basket CaseGreen Day
36%
Fake LoveBTS
18%
Devil in DisguiseElvis Presley
18%
1985Bowling for Soup
7%
Up On the RoofThe Drifters
7%
Body Like a Back RoadSam Hunt
4%

Score Distribution

Percentile by Number Answered

Percent of People with Each Score

Your Score History

You have not taken this quiz